| 000 | 01119nam a22003377a 4500 | ||
|---|---|---|---|
| 003 | CHAP | ||
| 005 | 20220329134331.0 | ||
| 008 | 971013s1981 r 00010 d | ||
| 010 | _a18916 | ||
| 011 | _a19888 | ||
| 035 | _a23973 | ||
| 040 | _cCHAP | ||
| 090 | _aTesis | ||
| 100 | 0 | 0 |
_aAlvarez Baus, Milton Santiago. _94875 |
| 245 | _aFrecuencia de líneas superiores de trigo en compuestos de selección masal y selección masiva | ||
| 260 |
_aChapingo, Méx., : _bEl autor, _c1981 |
||
| 300 | _a89 h | ||
| 502 | _aTesis (M.C. Esp. en Genética) -- CP. Centro de Genética | ||
| 590 |
_aALEPH _b10 _c20130110 _lUCH01 _h1242 |
||
| 590 |
_aBATCH-UPD _b10 _c20130110 _lUCH01 _h1735 |
||
| 590 |
_aBATCH-UPD _b10 _c20130410 _lUCH01 _h1115 |
||
| 590 |
_aBATCH-UPD _b10 _c20130914 _lUCH01 _h2053 |
||
| 590 |
_aCONVERSION _b10 _c20130109 _lUCH01 _h1311 |
||
| 650 | 1 | 4 |
_aTrigo _xGenética. _9115030 |
| 650 | 1 | 4 |
_aTrigo _xSelección masal. _9115096 |
| 901 | _aBK | ||
| 942 | _cFOLL | ||
| 949 |
_bBC _cTES _d-55487 _eTS1 _i23973 _si |
||
| 949 |
_bBC _cTES _d-55488 _eTS2 _fc.2 _i23973 _si |
||
| 949 |
_bBC _cTES _d-55489 _eTS2 _fc.3 _i23973 _si |
||
| 999 |
_c18916 _d18916 |
||